Del fuego, el humo / (Registro nro. 11759)

000 -CABECERA
campo de control de longitud fija 01068nam a2200193 a 4500
001 - NÚMERO DE CONTROL
campo de control 000087002
005 - FECHA Y HORA DE LA ÚLTIMA TRANSACCIÓN
campo de control 20200120224929.0
008 - DATOS DE LONGITUD FIJA--INFORMACIÓN GENERAL
campo de control de longitud fija 190703s2015 ck e 000 f eng d
020 ## - NÚMERO INTERNACIONAL ESTÁNDAR DEL LIBRO
Número Internacional Estándar del Libro 9789583050329
082 04 - NÚMERO DE LA CLASIFICACIÓN DECIMAL DEWEY
Número de edición 21
090 ## - LOCALMENTE ASIGNADO TIPO-LC NÚMERO DE CLASIFICACIÓN (OCLC); NÚMERO DE CLASIFICACIÓN LOCAL (RLIN)
Número de clasificación (OCLC) (R) ; Numero de clasificación, CALL (RLIN) (NR) AN
Número cutter local (OCLC) ; Número de libro/Signatura topográfica íntegra, CALL (RLIN) RUD
100 1# - ENTRADA PRINCIPAL--NOMBRE DE PERSONA
Nombre de persona Rudas Gómez, Carolina María
245 10 - MENCIÓN DE TÍTULO
Título Del fuego, el humo /
Mención de responsabilidad, etc. Carolina María Rudas Gómez ; directora, Marta Orrantia.
500 ## - NOTA GENERAL
Nota general Incluye índice
520 3# - SUMARIO, ETC.
Sumario, etc. "En una reunión de Alcohólicos Anónimos en Nueva York, una joven conoce a un escritor a quien le encarga la elaboración de un libro. Este encuentro es el origen de una extraña relación entre dos exiliados colombianos que nos va enseñando la cruda realidad de una nación asiática que vive en medio de un conflicto y la psicología de varios personajes inmersos en luchas que parecen inacabables. Novela psicológica y de aventuras con un fuerte y pulido carácter narrativo."
650 14 - PUNTO DE ACCESO ADICIONAL DE MATERIA--TÉRMINO DE MATERIA
Término de materia o nombre geográfico como elemento de entrada Novela colombiana
Subdivisión cronológica Siglo XXI
650 24 - PUNTO DE ACCESO ADICIONAL DE MATERIA--TÉRMINO DE MATERIA
Término de materia o nombre geográfico como elemento de entrada Literatura colombiana
Subdivisión cronológica Siglo XXI
650 24 - PUNTO DE ACCESO ADICIONAL DE MATERIA--TÉRMINO DE MATERIA
Término de materia o nombre geográfico como elemento de entrada Violencia en la literatura
Subdivisión general Argumentos,tramas, etc.
Existencias
Estado de retiro Estado de pérdida Fuente del sistema de clasificación o colocación Estado dañado No para préstamo Código de colección Localización permanente Ubicación/localización actual Fecha de adquisición Número de inventario Total de préstamos Signatura topográfica completa Código de barras Fecha visto por última vez Número de copia Precio válido a partir de Tipo de ítem Koha Nota pública Fuente de adquisición Fecha del último préstamo Ubicación en estantería
          Literatura Adulto Biblioteca Pública San Juan Bosco Biblioteca Pública San Juan Bosco 20/01/2020 NT   AN RUD MOS019689 20/01/2020 Ej.1 20/01/2020 Libro Literatura Quince días      
          Literatura Adulto Biblioteca Pública San Juan Bosco Biblioteca Pública San Juan Bosco 21/09/2021 NT   AN RUD MOS501709 21/09/2021 ej 2 21/09/2021 Libro Literatura Quince días COMPRA    
          Literatura Adulto Biblioteca Pública San Juan Bosco Biblioteca Pública San Juan Bosco 21/09/2021 NT 1 AN RUD MOS501710 27/12/2023 ej 3 21/09/2021 Libro Literatura Quince días COMPRA 11/11/2023  
          Literatura Adulto Biblioteca Pública San Juan Bosco Biblioteca Pública San Juan Bosco 17/02/2026 NT   AN RUDf MOS504614 17/02/2026 Ej. 4 17/02/2026 Libro Literatura Quince días Compra 2025   Literatura

© Todos los derechos reservados para la Biblioteca Pública Municipal San Juan Bosco, 2020
Secretaria de Cultura de Mosquera
Carrera 3 N° 10 Esquina Centro Cultural Barrio El Carmén Teléfono: 8270830 Ext: 34
Funcionando con KOHA
Contacto: Biblioteca Pública Municipal San Juan Bosco/ bibliotecasanjuanbosco@mosquera-cundinamarca.gov.co
Mosquera, Cundinamarca